| 000 | 01013nam a22001937a 4500 | ||
|---|---|---|---|
| 999 |
_c65945 _d65945 |
||
| 005 | 20220407103032.0 | ||
| 008 | s2554 th ||||| |||| 00| 0 tha d | ||
| 040 | _aNALT | ||
| 050 |
_aHF 5871 _bช172ก 2554 |
||
| 100 | 0 |
_aชมพูนุช ปัญญไพโรจน์ _935296 |
|
| 245 | 1 | 0 |
_aการโฆษณาแฝงในสื่อสิ่งพิมพ์ และผลกระทบต่อผู้บริโภค / _cชมพูนุช ปัญญไพโรจน์. |
| 260 |
_aกรุงเทพฯ : _bสำนักงานคณะกรรมการวิจัยแห่งชาติ, _c2554. |
||
| 300 |
_a115 หน้า : _bตาราง ; _c29 ซม. |
||
| 650 | 4 |
_aโฆษณาแฝง _935297 |
|
| 650 | 4 |
_aโฆษณาทางวารสาร _935298 |
|
| 850 | _aNALT | ||
| 942 |
_cRSH _2lcc _01 |
||
| 998 |
_j109 _k อารีรัตน์ วิชาช่าง |
||